| 000 | 00920nam a2200241 4500 | ||
|---|---|---|---|
| 003 | CO-ViMGA | ||
| 020 | _a9789586655248 | ||
| 040 |
_aCO-ViMGA _bspa _cCO-ViMGA |
||
| 082 | 0 | 4 |
_a808.066378 _bM87o |
| 100 | 1 |
_aMurillo O., Javier H _913519 |
|
| 245 | 1 | 0 |
_aLa ortografía de Tarzán _b claves para escribir en la universidad _cJavier H. Murillo O., Laura Ramírez S., Lina Calle A. |
| 260 |
_aBogotá _bSiglo del Hombre |
||
| 300 |
_a290 páginas _b24 cm |
||
| 490 | _aPlan Nacional de Lectura y Escritura Leer es mi Cuento / Ministerio de Cultura | ||
| 500 | _aRecomendado para público adulto | ||
| 650 | 1 | 4 |
_aArte De Escribir - Manuales _913423 |
| 650 | 1 | 4 |
_aComunicacion Escrita - Manuales _913520 |
| 650 | 1 | 4 |
_aEscritos Academicos - Manuales _913521 |
| 650 | 1 | 4 |
_aEspañol - Ortigrafia - Manuales _913522 |
| 650 | 1 | 4 |
_aEspañol - Sintaxis - Manuales _913523 |
| 700 | 1 |
_aRamírez S., Laura _913524 |
|
| 942 |
_2ddc _cBK |
||
| 999 |
_c8615 _d8615 |
||